000 01931cam a22005174i 4500
003 PE-LiUPU
005 20250731170434.0
008 150623s r 000 0 d
035 _a(Sirsi) a29023
040 _aPE-LiUPU
_bspa
_cPE-LiUPU
_erda
082 0 4 _a160
_bP43
_221
100 1 _aPeñaloza R., Walter,
_eautor.
245 1 0 _aIntroducción a la Filosofía y Lógica.
264 1 _aCallao :
_bColegio Militar Leoncio Prado,
_c1965.
300 _a309 páginas ;
_c21 cm.
336 _atext
_2rdacontent
337 _aunmediated
_2rdamedia
338 _avolume
_2rdacarrier
505 0 _aIntroducción a la filosofía. -El problema del conocimiento. -El problema de la ciencia. -El problema del valor. -El problema ético. -El problema estético. -El problema de la realidad. -El problema del hombre. -Nociones preliminares. -Formalización y estructuras lógicas. -Teoría de las proposiciones coligativas. -Teoría de las clases. -Teoría del silogismo. -Lógica de los predicados. -La lógica en la práctica dle pensamiento concreto. -Nociones metodológicas. -Lo ilógico.
526 _aSEG68
526 _aSEG70
526 _aSEG69
526 _aSEG67
526 _aSEG43
526 _aP144
526 _aP143
526 _aP131
526 _aP122
526 _aP120
526 _aP117
526 _aP112
526 _aP110
526 _aP106
526 _aP101
526 _aP80
526 _aP59
526 _aP54
526 _aP35
526 _aP33
526 _aP30
942 _2ddc
_cBOOK
949 _a160 P43
_wDEWEY
_c1
_i36250
_lCCODEBUL1
_mBUL
_p00.00
_r0
_sY
_tBOOK
_u2015-06-24
_xBIBLIOTECA
_zUNKNOWN
_0COMPRA
_o.STAFF. Colección General
596 _a1
999 _a160 P43
_wDEWEY
_c36336
_i36250
_f2021-11-4
_g5
_lCCODEBUL1
_mBUL
_r0
_sY
_tBOOK
_u2015-6-24
_xBIBLIOTECA
_zUNKNOWN
_0COMPRA
_o.STAFF. Colección General
_d36336
980 _81
_gALBERTO SANCHEZ Responsable de Automatización